|
|
|
|
| LEADER |
01112nam a2200277 a 4500 |
| 001 |
14658272 |
| 008 |
100608s2006 caua b 001 0 eng d |
| 010 |
|
|
|a 2006287147
|
| 020 |
|
|
|a 0596006691 (pbk.)
|
| 040 |
|
|
|a DLC
|c DLC
|d DLC
|d DB-DhAAL
|
| 082 |
0 |
0 |
|a 005.8
|2 22
|
| 100 |
1 |
|
|a Lehtinen, Rick.
|
| 245 |
1 |
0 |
|a Computer security basics /
|c Rick Lehtinen, Deborah Russell and G.T. Gangemi, Sr.
|
| 250 |
|
|
|a 2nd ed.
|
| 260 |
|
|
|a Sebastopol, CA :
|b O'Reilly & Associates,
|c c2006.
|
| 300 |
|
|
|a xii, 296 p. :
|b ill. ;
|c 24 cm.
|
| 500 |
|
|
|a Rev. ed. of: Computer security basics / Deborah Russell and G.T. Gangemi, Sr. c1991.
|
| 504 |
|
|
|a Includes bibliographical references and index.
|
| 541 |
1 |
|
|e 00015497
|
| 650 |
|
0 |
|a Computer security.
|
| 700 |
1 |
|
|a Russell, Deborah.
|
| 700 |
1 |
|
|a Gangemi, G. T.
|
| 700 |
1 |
|
|a Russell, Deborah.
|t Computer security basics.
|
| 852 |
4 |
|
|a Ayesha Abed Library
|j General Shelf.
|
| 999 |
|
|
|c 8826
|d 8826
|
| 952 |
|
|
|0 0
|1 0
|2 ddc
|4 0
|6 005_800000000000000_LEH_2006
|7 0
|9 10734
|a BRACUL
|b BRACUL
|c GEN
|d 2010-06-08
|l 17
|m 151
|o 005.8 LEH
|p 3010015497
|q 2026-06-02
|r 2026-03-03
|s 2026-03-03
|t 1
|w 2010-06-08
|y BK
|